000 00653nam a2200277Ia 4500
005 20260324134245.0
008 008 260324s9999 xx 000 0 eng d
020 _a9781003253945
037 _aEBOOK
040 _aCRL
040 _beng
040 _cCRL
041 _2eng
041 _aeng
084 _qCRL
100 _aLawrence M Principe
_91196150
245 4 _aThe Correspondence of Robert Boyle, 1636-1691
260 _bTaylor and Francis
260 _c2002
365 _a
365 _b420
856 _uhttp://www.taylorfrancis.com/books/9781003253945
942 _cEBOOK
999 _c1796037
_d1796037